Die 15 beliebtesten Fußballclubs in einem Wort beschrieben - Statistiken

Allgemein
  • Dieses Quiz wurde 184 mal gespielt
  • Das Durchschnittsergebnis liegt bei 11 aus 15
Antwortstatistiken
Wort Verein % Korrekt
Adler Eintracht Frankfurt
96%
Vizekusen Bayer 04 Leverkusen
94%
Geißbock 1.FC Köln
93%
Hauptstadt Hertha BSC
90%
Fohlen Borussia Mönchengladbach
89%
Dominanz FC Bayern München
87%
Eisern Union Berlin
87%
Dino Hamburger SV
84%
Club 1.FC Nürnberg
83%
Malocher FC Schalke 04
60%
Leidenschaft Borussia Dortmund
52%
Polarisierend RB Leipzig
51%
Sympathisch SC Freiburg
48%
Lebenslang SV Werder Bremen
46%
Tradition VFB Stuttgart
37%
Keine übereinstimmenden Quizze gefunden
Verteilung der Resultate
Anzahl Personen mit jedem Resultat
Perzentil nach korrekt beantworteten Fragen
Ihre Resultats-Entwicklung
Sie haben dieses Quiz noch nicht gespielt